000 00472nam a2200169Ia 4500
008 230917s9999||||xx |||||||||||||| ||und||
020 _cRS300
040 _e231311
_aMAIN
041 _aEnglish
082 _a891.431721 SR19S:KK
100 _aकृष्ण कुमार
245 0 _aसंचयिता
260 _bराजकमल प्रकाशन
_c2010
300 _a272 p.
500 _a2262 01/02/2016 KB15/299 17/02/2016 Hindi UGC
942 _cBK
999 _c17728
_d17728